• 首页
  • 本馆介绍
  • 公告通知
  • 最新文献
  • 馆藏检索
  • 电子资源
  • 读者导购
  • 参考咨询
  • 我的图书馆
  • 登录
  • 详细信息显示
  • 放入我的书架
  • 预约/预借图书
  • 作者相关作品
  • 分类相关作品
  • 丛书相关作品
  • 出版社相关作品

书目信息

  • 表格格式
  • 工作单格式
  • 卡片格式
题名:
动物防疫检疫技术
    
 
作者: 张艳英 , 石玉祥 主编
分册:  
出版信息: 北京   科学出版社  2016.11
页数: 169页
开本: 26cm
丛书名:
单 册:
中图分类: S851.3
科图分类:
主题词: 兽疫--防疫--高等学校--教材 , 动物检疫--高等学校--教材
电子资源:
ISBN: 978-7-03-050318-3
000 01061nam0 2200277 450
001 0400006640
005 20171105104604.0
010    @a978-7-03-050318-3@dCNY39.00
100    @a20170215e20172016em y0chiy50 ea
101 0  @achi
102    @aCN@b110000
105    @ay az 000yy
106    @ar
200 1  @a动物防疫检疫技术@Adong wu fang yi jian yi ji shu@f张艳英,石玉祥主编
210    @a北京@c科学出版社@d2016.11@h2017.01
215    @a169页@d26cm
300    @a普通高等教育“十三五”规划教材 动物医学专业
320    @a有书目(第170页)
330    @a本书在内容设计上考虑到了动物医学职教师资培养的基本要求和中职兽医毕业生的最低专业能力要求,将动物防疫与检疫技术有机整合到生产实际和工作中去,内容包括动物防疫检疫基础知识、养殖领域防疫检疫技术、流通领域防疫检疫技术和屠宰领域防疫检疫技术四部分。
606 0  @a兽疫@x防疫@x高等学校@j教材
606 0  @a动物检疫@x高等学校@j教材
690    @aS851.3@v5
701  0 @a张艳英@Azhang yan ying@4主编
701  0 @a石玉祥@Ashi yu xiang@4主编
801  0 @aCN@b上海新华@c20171105
905    @b1023970-4@dS851.3@e148@f5
    
    动物防疫检疫技术/张艳英,石玉祥主编.-北京:科学出版社,2016.11(2017.01)
    169页;26cm
    普通高等教育“十三五”规划教材 动物医学专业
    
    ISBN 978-7-03-050318-3:CNY39.00
    本书在内容设计上考虑到了动物医学职教师资培养的基本要求和中职兽医毕业生的最低专业能力要求,将动物防疫与检疫技术有机整合到生产实际和工作中去,内容包括动物防疫检疫基础知识、养殖领域防疫检疫技术、流通领域防疫检疫技术和屠宰领域防疫检疫技术四部分。
●
相关链接 在E读中查询图书 在五车中查询图书 在当当中查询图书 在豆瓣中查询图书


正题名:动物防疫检疫技术     索取号:S851.3/148         预约/预借

序号 登录号 条形码 馆藏地/架位号 状态 备注
1 1023970   210239703   第二样本阅览室/ [索取号:S851.3/148] 在馆    
2 1023971   210239712   密集书库-生命科学系/ [索取号:S851.3/148] 在馆    
3 1023972   210239721   第三借阅区/ [索取号:S851.3/148] 在馆    
4 1023973   210239730   第三借阅区/ [索取号:S851.3/148] 在馆    
5 1023974   210239749   第三借阅区/ [索取号:S851.3/148] 在馆    
唐山师范学院图书馆 欢迎您!
大连网信软件有限公司© 版权所有